En busca de esos niños en hilera / (Record no. 21505)

MARC details
000 -LEADER
campo de control de longitud fija 00696nam a2200229 i 4500
001 - NÚMERO DE CONTROL
campo de control 21505
003 - IDENTIFICADOR DE NÚMERO DE CONTROL
campo de control ES-MaACL
005 - FECHA Y HORA DE LA ÚLTIMA TRANSACCIÓN
campo de control 20240529062939.0
007 - CAMPO FIJO DE DESCRIPCIÓN FÍSICA--INFORMACIÓN GENERAL
campo de control de longitud fija t|
008 - DATOS DE LONGITUD FIJA--INFORMACIÓN GENERAL
campo de control de longitud fija 021126s1967 sp ||||1| spa d
100 0# - ENTRADA PRINCIPAL--NOMBRE DE PERSONA
Nombre de persona Albornoz, Aurora de,
Fechas asociadas al nombre 1926-1990
9 (RLIN) 19411
245 10 - MENCIÓN DEL TÍTULO
Título En busca de esos niños en hilera /
Mención de responsabilidad, etc. Aurora de Albornoz.
250 ## - MENCION DE EDICION
Mención de edición [1ª ed.].
260 ## - PUBLICACIÓN, DISTRIBUCIÓN, ETC.
Lugar de publicación, distribución, etc. Santander :
Nombre del editor, distribuidor, etc. La Isla de los Ratones,
Fecha de publicación, distribución, etc. 1967.
300 ## - DESCRIPCIÓN FÍSICA
Extensión 65 p. ;
Dimensiones 17 cm.
490 1# - MENCIÓN DE SERIE
Mención de serie Colección "Poetas de Hoy" ;
Designación de volumen o secuencia 48
830 ## - PUNTO DE ACCESO ADICIONAL DE SERIE-TÍTULO UNIFORME
Título uniforme Colección "Poetas de Hoy" ;
Designación de volumen o secuencia 48
9 (RLIN) 189058
852 ## - LOCALIZACIÓN
Ubicación ES-MaACL
Número de control de estantería C-34286
Sublocalización o colección R.64852
852 ## - LOCALIZACIÓN
Ubicación ES-MaACL
Número de control de estantería B-10524
Sublocalización o colección R.65495
942 ## - ELEMENTOS DE ENTRADA SECUNDARIOS (KOHA)
Fuente del sistema de clasificación o colocación Clasificación decimal universal
Holdings
Estatus retirado Estado de pérdida Estado de daño No para préstamo Biblioteca de origen Biblioteca actual Ubicación en estantería Fecha de adquisición Fuente de adquisición Total de préstamos Signatura topográfica completa Código de barras Visto por última vez Precio de reemplazo Tipo de ítem Koha
        Biblioteca del Ateneo de Madrid Biblioteca del Ateneo de Madrid Sala Pardo Bazán 17/01/2008     B-10524 1022101 23/02/2023 23/02/2023 Libro impreso
        Biblioteca del Ateneo de Madrid Biblioteca del Ateneo de Madrid Depósito 2 17/01/2008     C-34286 1022100 23/02/2023 23/02/2023 Libro impreso